000 00388nam a2200169Ia 4500
008 210210b1914 xxu||||| |||| 00| 0 eng d
041 _aeng
082 _a821/339
100 _aKIPLING (R)
245 _aSongs from books
260 _aLondon
_bMacmillan & Co. Ltd.
_c1914
650 _aSongs
650 _afrom
650 _abooks
690 _aEnglish Literature
906 _a011508
999 _c130185
_d130185